| 000 | 01602nam a22002057a 4500 | ||
|---|---|---|---|
| 999 |
_c58457 _d58457 |
||
| 003 | Ge_BSU | ||
| 005 | 20221221132932.0 | ||
| 008 | 220307s2022 ge ||||| |||| 00| 0 geo d | ||
| 041 | _ageo | ||
| 080 | _a33 მ-27 | ||
| 100 |
_aმანველიძე, ლაშა _913588 |
||
| 245 |
_aრეგიონული პოტენციალის დივერსიფიკაციის და ეკონომუკური უსაფრთხოების მექანიზმის დომინირებადი სტრატეგიები : _bდისერტაცია / _cლაშა მანველიძე; სამეცნიერო ხელმძღვანელი ვ. ღლონტი; ბსუ. ეკონომიკისა და ბიზნესის ფაკულტეტი. საფინანსო, საბანკო და სადაზღვევო საქმის დეპატრამენტი. |
||
| 300 |
_a185 გვ. _b30 სმ. |
||
| 504 | _aბიბლიოგრ. გვ. 166-185 | ||
| 653 | _aეკონომიკა | ||
| 653 | _aდისერტაცია | ||
| 700 |
_aღლონტი, ვ. _eსამეცნიერო ხელმძღვანელი _96021 |
||
| 710 |
_aბსუ. _bეკონომიკისა და ბიზნესის ფაკულტეტი. საფინანსო, საბანკო და სადაზღვევო საქმის დეპატრამენტი. _913589 |
||
| 942 |
_2udc _cDS |
||